Vikirana kriyashakti (Record no. 144690)

MARC details
000 -LEADER
fixed length control field 00643nam a2200205Ia 4500
003 - CONTROL NUMBER IDENTIFIER
control field OSt
005 - DATE AND TIME OF LATEST TRANSACTION
control field 20250807101855.0
008 - FIXED-LENGTH DATA ELEMENTS--GENERAL INFORMATION
fixed length control field 210210b1958 xxu||||| |||| 00| 0 eng d
040 ## - CATALOGING SOURCE
Transcribing agency AL
041 ## - LANGUAGE CODE
Language code of text/sound track or separate title Kannada
082 ## - DEWEY DECIMAL CLASSIFICATION NUMBER
Classification number 856/305
100 ## - MAIN ENTRY--PERSONAL NAME
Personal name SHESHADRI AYYANGAR (K)
Dates associated with a name ಶೇಷಾದ್ರಿ ಅಯ್ಯಂಗಾರ್ (ಕೆ)
9 (RLIN) 234413
245 ## - TITLE STATEMENT
Title Vikirana kriyashakti
Remainder of title ವಿಕಿರಣ ಕ್ರಿಯಾಶಕ್ತಿ
260 ## - PUBLICATION, DISTRIBUTION, ETC.
Place of publication, distribution, etc. MaisUru
Name of publisher, distributor, etc. Maisuru Vishvavidyanilaya
Date of publication, distribution, etc. 1958
650 ## - SUBJECT ADDED ENTRY--TOPICAL TERM
Topical term or geographic name entry element VikiraNa
9 (RLIN) 234414
650 ## - SUBJECT ADDED ENTRY--TOPICAL TERM
Topical term or geographic name entry element kriyAshakti
9 (RLIN) 234415
690 ## - LOCAL SUBJECT ADDED ENTRY--TOPICAL TERM (OCLC, RLIN)
Topical term or geographic name as entry element Kannada Miscellaneous
9 (RLIN) 234416
906 ## - LOCAL DATA ELEMENT F, LDF (RLIN)
a 020540
942 ## - ADDED ENTRY ELEMENTS (KOHA)
Source of classification or shelving scheme Dewey Decimal Classification
Koha item type Book
Holdings
Withdrawn status Lost status Source of classification or shelving scheme Damaged status Not for loan Collection code Home library Current library Shelving location Date acquired Cost, normal purchase price Total Checkouts Full call number Barcode Date last seen Price effective from Koha item type
    Dewey Decimal Classification     Kannada St Aloysius Library St Aloysius Library   02/17/2021 0.00   856/305 020540 02/17/2021 02/17/2021 Book
    Dewey Decimal Classification     Kannada St Aloysius Library St Aloysius Library   02/17/2021 0.00   856/306 020541 02/17/2021 02/17/2021 Book